| 000 | 00625nam a2200205 a 4500 | ||
|---|---|---|---|
| 005 | 20140310183312.0 | ||
| 008 | 051013s19uu xx 00 eng d | ||
| 020 | _a1585181692 | ||
| 050 |
_aGV 885.35 _b.K366 1997 |
||
| 100 | _aKarl, George | ||
| 245 |
_a101 basketball out-of-bounds drills / _cGeorge Karl, Terry Stotts and Price Johnson. |
||
| 260 |
_aChampaign, IL : _bSagamore Publishing Inc, _c1997. |
||
| 300 |
_a119 p. : _bill. ; _c26 cm. |
||
| 650 |
_aBasketball _xTraining. |
||
| 650 |
_aBasketball _xCoaching. |
||
| 700 | _aStotts, Terry | ||
| 700 | _aJohnson, Price | ||
| 942 |
_cBK _2lcc _kFOR |
||
| 999 |
_c21186 _d21186 |
||